000 00738nam a22001937a 4500
999 _c18919
_d18919
003 AR-CdUCM
008 190515b ||||| |||| 00| 0 spa d
040 _aMUNICIPALIDAD PROVINCIAL DEL CUSCO
_cBIBLIOTECA MUNICIPAL DEL CUSCO
082 _a501 /
_bW86
100 _aWorrall, R. L.
_939839
245 _aEl panorama de la ciencia /
260 _aMéxico :
_bUniversidad obrera de México,
_c1937.
300 _a241 páginas ;
_c21 cm.
505 _aContenido : Ciencia, religión y filosofía -- El materialismo moderno -- La substancia del mundo -- La fe de los filósofos -- La crisis en la física moderna ...
650 _aFísica moderna.
_922495
650 _aIdealismo.
_9695
942 _2ddc
_cLIBROS
945 _arum
_d2019-05-15